সত্যজিৎ-প্রতিভা / (Record no. 48000)
[ view plain ]
| 000 -LEADER | |
|---|---|
| fixed length control field | 01054nam a2200253 a 4500 |
| 001 - CONTROL NUMBER | |
| control field | 48000 |
| 003 - CONTROL NUMBER IDENTIFIER | |
| rucl marc code | BD-RjUL |
| 005 - DATE AND TIME OF LATEST TRANSACTION | |
| control field | 20211209054435.0 |
| 008 - FIXED-LENGTH DATA ELEMENTS--GENERAL INFORMATION | |
| fixed length control field | 160811s1993 ii ||||| |||| 00| 0 ben d |
| 020 ## - INTERNATIONAL STANDARD BOOK NUMBER | |
| International Standard Book Number | 818545907X |
| Terms of availability | : IRs.60.00 |
| 035 ## - SYSTEM CONTROL NUMBER | |
| System control number | (BD-RjUL)48119 |
| 040 ## - CATALOGING SOURCE | |
| Original cataloging agency | BD-RjUL |
| Language of cataloging | ben |
| Transcribing agency | BD-RjUL |
| Modifying agency | BD-RjUL |
| 041 ## - LANGUAGE CODE | |
| Language code of text/sound track or separate title | ben |
| 082 ## - DEWEY DECIMAL CLASSIFICATION NUMBER | |
| Edition number | 23 |
| Classification number | 891.4409 |
| Author mark and year | SAT 1993 |
| 245 10 - TITLE STATEMENT | |
| Title | সত্যজিৎ-প্রতিভা / |
| Statement of responsibility, etc. | সম্পাদনা বিজিত ঘোষ |
| 260 ## - PUBLICATION, DISTRIBUTION, ETC. (IMPRINT) | |
| Place of publication, distribution, etc. | কলকাতা : |
| Name of publisher, distributor, etc. | র্যাডিক্যাল ইম্প্রেশন, |
| Date of publication, distribution, etc. | ১৯৯৩. |
| 300 ## - PHYSICAL DESCRIPTION | |
| Pagination | ২৭২ পৃ. ; |
| Size | ২৩ সেমি. |
| 600 ## - SUBJECT ADDED ENTRY--PERSONAL NAME | |
| Personal name | রায়, সত্যজি |
| Dates associated with a name | ১৯২১-১৯৯২ |
| Personal name | Ray, Satyajit |
| Dates associated with a name | 1921-1992 |
| 650 ## - SUBJECT ADDED ENTRY--TOPICAL TERM | |
| Topical term or geographic name as entry element | বাংলা সাহিত্য |
| Form subdivision | ইতিহাস ও সমালোচনা |
| 9 (RLIN) | 117445 |
| Topical term or geographic name as entry element | Bengali literature |
| Form subdivision | History and Criticism |
| 9 (RLIN) | 145584 |
| 700 ## - ADDED ENTRY--PERSONAL NAME | |
| Personal name | ঘোষ, বিজিত সম্পাদনা |
| 942 ## - ADDED ENTRY ELEMENTS (KOHA) | |
| Source of classification or shelving scheme | Dewey Decimal Classification |
| Koha item type | Books |
| Lost status | Source of classification or shelving scheme | Damaged status | Not for loan | Collection code | Permanent Location | Current Location | Shelving location | Date acquired | Source of acquisition | Cost, normal purchase price | Total Checkouts | Full call number | Date last seen | Copy number | Koha item type |
|---|---|---|---|---|---|---|---|---|---|---|---|---|---|---|---|
| Dewey Decimal Classification | Non-fiction | Central Library, University of Rajshahi | Central Library, University of Rajshahi | 24/07/1996 | Book house, Dhaka. | 72.00 | B 891.4409 SAT 1993 | 11/08/2016 | C-2 | Books |